[Event "Gligoric 83rd m g/20"]
[Site "Novi Sad"]
[Date "2006.02.03"]
[Round "4"]
[White "Karpov, Anatoly"]
[Black "Portisch, Lajos"]
[Result "1/2-1/2"]
[WhiteElo "2672"]
[BlackElo "2533"]
[PlyCount "65"]
[EventDate "2006.02.03"]
[EventType "match (rapid)"]
[EventRounds "4"]
[EventCountry "YUG"]
[Source "ChessBase"]
[SourceDate "2006.05.09"]

1. d4 Nf6 2. c4 e6 3. Nc3 Bb4 4. Qc2 c5 5. dxc5 Bxc5 6. Nf3 Qc7 7. Bg5 a6 8. e3
Be7 9. Be2 b6 10. Rd1 d6 11. Ne4 Nbd7 12. Nxf6+ gxf6 13. Bh6 Bb7 14. Bg7 Rg8
15. Qxh7 O-O-O 16. b4 f5 17. Qh6 Ne5 18. Nxe5 dxe5 19. Rxd8+ Qxd8 20. a3 Bg5
21. Qh7 f4 22. h4 fxe3 23. Kf1 Bxg2+ 24. Kxg2 Bf6 25. Qe4 Rxg7+ 26. Kh3 Qc7 27.
fxe3 Qb7 28. Qxb7+ Kxb7 29. Rh2 e4 30. Rg2 Rxg2 31. Kxg2 Bxh4 32. Bh5 f6 33.
Bf7 1/2-1/2

[Event "Amber-blind 15th"]
[Site "Monte Carlo"]
[Date "2006.03.29"]
[Round "10"]
[White "Grischuk, Alexander"]
[Black "Leko, Peter"]
[Result "1-0"]
[WhiteElo "2717"]
[BlackElo "2740"]
[PlyCount "151"]
[EventDate "2006.03.18"]
[EventType "tourn (rapid)"]
[EventRounds "11"]
[EventCountry "MNC"]
[EventCategory "19"]
[Source "ChessBase"]
[SourceDate "2006.05.09"]

1. d4 Nf6 2. c4 e6 3. Nc3 Bb4 4. Qc2 O-O 5. a3 Bxc3+ 6. Qxc3 b6 7. Bg5 Bb7 8.
e3 d6 9. f3 Nbd7 10. Nh3 h6 11. Bh4 Rc8 12. Nf2 c5 13. Ng4 d5 14. cxd5 Nxd5 15.
Bxd8 Nxc3 16. Be7 Rfe8 17. Bd6 Nd5 18. e4 f5 19. Bb5 Bc6 20. Ba6 fxg4 21. Bxc8
Rxc8 22. exd5 Bxd5 23. dxc5 gxf3 24. gxf3 bxc5 25. b4 Rc6 26. Bg3 cxb4 27. axb4
Rb6 28. Rxa7 Rxb4 29. O-O Rb7 30. Rxb7 Bxb7 31. Kf2 Kf7 32. Rc1 Ba6 33. Rc7 Bb5
34. Be5 Kg6 35. Bb2 Nf6 36. Rc1 Ba4 37. Ke3 Bb3 38. Rg1+ Kf7 39. Kd4 Bd5 40. f4
Ne4 41. Ke3 g5 42. fxg5 hxg5 43. Rg4 Nd6 44. Be5 Nc4+ 45. Kd4 Nd2 46. Kd3 Nf3
47. Bg3 Kf6 48. Ke3 Kf5 49. Rb4 Bc6 50. Rb8 Kg4 51. Rh8 Nh4 52. Kf2 Bd5 53. Rg8
Nf3 54. Rg7 Kh3 55. Ra7 Nh4 56. Ra3 Kg4 57. Bc7 Nf5 58. Ra1 Kh5 59. Rd1 Nh6 60.
Rb1 Nf7 61. Ke3 Kg6 62. Kd4 Kf5 63. Rf1+ Kg6 64. Bg3 Bg2 65. Rg1 Bd5 66. Be1
Bf3 67. Ke3 Bd5 68. Bc3 Nh6 69. Kf2 Nf7 70. Bd2 Kf5 71. Kg3 Kg6 72. Bb4 Nh6 73.
Kf2 Nf7 74. Be7 Kf5 75. Ke3 e5 76. Rf1+ 1-0

[Event "Dos Hermanas Internet f 7th"]
[Site "Internet Chess Club"]
[Date "2006.03.24"]
[Round "2.2"]
[White "Bu Xiangzhi"]
[Black "Gelashvili, Tamaz"]
[Result "1-0"]
[WhiteElo "2645"]
[BlackElo "2575"]
[PlyCount "121"]
[EventDate "2006.03.24"]
[EventType "k.o. (blitz)"]
[EventRounds "5"]
[Source "ChessBase"]
[SourceDate "2006.05.09"]

1. d4 Nf6 2. c4 e6 3. Nc3 Bb4 4. Qc2 O-O 5. a3 Bxc3+ 6. Qxc3 d6 7. g3 e5 8.
dxe5 dxe5 9. Bg2 Re8 10. Be3 Nc6 11. Nf3 a5 12. O-O Qe7 13. b3 Bg4 14. h3 Bh5
15. g4 Bg6 16. Nh4 Ne4 17. Nxg6 Nxc3 18. Nxe7+ Rxe7 19. Rfe1 Nd4 20. Bd2 Ncxe2+
21. Kf1 Rd8 22. Rxe2 Nxe2 23. Kxe2 b6 24. Bg5 f6 25. Be3 g6 26. Rc1 c5 27. Rb1
Rc7 28. b4 axb4 29. axb4 Kg7 30. bxc5 bxc5 31. Rb5 Rdc8 32. Bd5 h5 33. gxh5
gxh5 34. Be6 Re8 35. Bf5 Ra8 36. Rxc5 Rxc5 37. Bxc5 Ra2+ 38. Kf3 Ra4 39. Be6 f5
40. Be7 Ra7 41. Bd8 Ra8 42. Bg5 Kg6 43. h4 Ra3+ 44. Kg2 Rc3 45. Kf1 f4 46. Bd5
Kf5 47. f3 Kg6 48. Ke2 Kg7 49. Kd2 Ra3 50. c5 Ra4 51. Kc3 Rd4 52. Bb7 Rd1 53.
Be4 Kf7 54. Kc4 Ke6 55. Kb5 Kd7 56. Bf5+ Kc7 57. Bf6 Re1 58. Be4 Re3 59. Bxe5+
Kd7 60. Bxf4 Rb3+ 61. Kc4 1-0

[Event "Dos Hermanas Internet f 7th"]
[Site "Internet Chess Club"]
[Date "2006.03.24"]
[Round "2.4"]
[White "Bu Xiangzhi"]
[Black "Gelashvili, Tamaz"]
[Result "1-0"]
[WhiteElo "2645"]
[BlackElo "2575"]
[PlyCount "85"]
[EventDate "2006.03.24"]
[EventType "k.o. (blitz)"]
[EventRounds "5"]
[Source "ChessBase"]
[SourceDate "2006.05.09"]

1. d4 Nf6 2. c4 e6 3. Nc3 Bb4 4. Qc2 O-O 5. a3 Bxc3+ 6. Qxc3 b5 7. cxb5 c6 8.
Bg5 cxb5 9. e3 Bb7 10. Nf3 a6 11. Bd3 Nc6 12. O-O Rc8 13. Qd2 h6 14. Bh4 g5 15.
Bg3 Na5 16. Qe2 Ne4 17. Bxe4 Bxe4 18. Nd2 Bg6 19. Rac1 d5 20. Rxc8 Qxc8 21. Bd6
Rd8 22. Bc5 Nc4 23. Nf3 Bh5 24. b3 Nd6 25. Rc1 Ne4 26. Qb2 Qb7 27. Ne5 f6 28.
Nd3 Bg6 29. f3 Ng3 30. Nf2 Nf5 31. Ng4 Kg7 32. e4 dxe4 33. d5 e5 34. fxe4 Nd6
35. Nxf6 Nf7 36. Ng4 Bxe4 37. Nxe5 Kh7 38. Ng4 Bf5 39. Nf6+ Kg6 40. Rf1 Qc7 41.
b4 Qe5 42. Bd4 Qd6 43. Rxf5 1-0

[Event "VIE-ch"]
[Site "Cao Lanh Dong Thap"]
[Date "2006.04.07"]
[Round "7"]
[White "Dao Thien Hai"]
[Black "Nguyen Anh Dung"]
[Result "1/2-1/2"]
[WhiteElo "2560"]
[BlackElo "2542"]
[PlyCount "26"]
[EventDate "2006.04.03"]
[EventType "swiss"]
[EventRounds "9"]
[EventCountry "VIE"]
[Source "ChessBase"]
[SourceDate "2006.05.09"]

1. d4 Nf6 2. c4 e6 3. Nc3 Bb4 4. Qc2 d5 5. cxd5 exd5 6. Bg5 h6 7. Bxf6 Qxf6 8.
a3 Bxc3+ 9. Qxc3 O-O 10. e3 Bf5 11. Rc1 Rc8 12. Nf3 Nd7 13. b4 a5 1/2-1/2

[Event "CUB-ch KO"]
[Site "Santa Clara"]
[Date "2006.04.05"]
[Round "1.2"]
[White "Vera, Reynaldo"]
[Black "Quezada, Yuniesky"]
[Result "1-0"]
[WhiteElo "2516"]
[BlackElo "2512"]
[PlyCount "57"]
[EventDate "2006.04.04"]
[EventType "k.o."]
[EventRounds "3"]
[EventCountry "CUB"]
[Source "ChessBase"]
[SourceDate "2006.05.09"]

1. d4 Nf6 2. c4 e6 3. Nc3 Bb4 4. Qc2 O-O 5. a3 Bxc3+ 6. Qxc3 b6 7. Nf3 Bb7 8.
e3 d5 9. b4 c5 10. dxc5 bxc5 11. Bb2 Nbd7 12. Be2 cxb4 13. axb4 dxc4 14. Qxc4
a6 15. O-O Qc8 16. Qd4 Bc6 17. Ra5 Qb7 18. Rg5 h6 19. Rg3 Kh8 20. Rd1 Bb5 21.
Qf4 Qb8 22. Ne5 Bxe2 23. Rxd7 Bh5 24. Qh4 Qe8 25. Rxg7 Nxd7 26. Nxd7 e5 27.
Bxe5 Rc8 28. h3 f6 29. Bxf6 1-0

[Event "CUB-ch KO"]
[Site "Santa Clara"]
[Date "2006.04.06"]
[Round "1.3"]
[White "Vera, Reynaldo"]
[Black "Quezada, Yuniesky"]
[Result "0-1"]
[WhiteElo "2516"]
[BlackElo "2512"]
[PlyCount "114"]
[EventDate "2006.04.04"]
[EventType "k.o."]
[EventRounds "3"]
[EventCountry "CUB"]
[Source "ChessBase"]
[SourceDate "2006.05.09"]

1. d4 Nf6 2. c4 e6 3. Nc3 Bb4 4. Qc2 O-O 5. a3 Bxc3+ 6. Qxc3 b6 7. Bg5 Bb7 8.
e3 d6 9. Ne2 Nbd7 10. Qd3 h6 11. Bh4 Ba6 12. Nc3 d5 13. Qc2 Bxc4 14. Bxc4 dxc4
15. Qa4 c5 16. Rd1 cxd4 17. Rxd4 Qe7 18. Qxc4 Ne5 19. Qe2 Ng6 20. Bxf6 Qxf6 21.
O-O Rfd8 22. Rfd1 Rxd4 23. Rxd4 Rd8 24. Ne4 Qe7 25. Qd2 Rxd4 26. Qxd4 Qc7 27.
Nc3 Ne5 28. f4 Nc6 29. Qd3 Ne7 30. Kf2 Nf5 31. g4 Nd6 32. Nb5 Nxb5 33. Qxb5 g6
34. Qd3 Qc1 35. Qd8+ Kh7 36. Qf6 Qd2+ 37. Kf3 Kg8 38. h4 Qd1+ 39. Kg3 Qe2 40.
Qe5 Qe1+ 41. Kh3 Qf2 42. h5 Qf3+ 43. Kh2 Qxg4 44. hxg6 Qxg6 45. Qb8+ Kg7 46.
Qxa7 Qc2+ 47. Kg3 Qxb2 48. a4 Qb3 49. Kf2 Qc2+ 50. Kf3 Qc6+ 51. Kg3 Qc5 52. Kf2
h5 53. Qd7 h4 54. Qd1 Qf5 55. Qd4+ Kh7 56. Qxb6 Qc2+ 57. Kf3 h3 0-1

[Event "EU-ch 7th"]
[Site "Kusadasi"]
[Date "2006.04.10"]
[Round "7"]
[White "Atalik, Suat"]
[Black "Balogh, Csaba"]
[Result "0-1"]
[WhiteElo "2618"]
[BlackElo "2561"]
[PlyCount "76"]
[EventDate "2006.04.04"]
[EventType "swiss"]
[EventRounds "11"]
[EventCountry "TUR"]
[Source "ChessBase"]
[SourceDate "2006.05.09"]

1. d4 Nf6 2. c4 e6 3. Nc3 Bb4 4. Qc2 O-O 5. a3 Bxc3+ 6. Qxc3 b5 7. cxb5 c6 8.
Bg5 cxb5 9. e3 Bb7 10. Nf3 h6 11. Bxf6 Qxf6 12. Be2 Rc8 13. Qd3 a6 14. O-O Nc6
15. b4 Ne7 16. Rfc1 Nd5 17. Qd2 Nb6 18. Rxc8+ Rxc8 19. Rc1 Qd8 20. Ne1 Bd5 21.
f3 Rxc1 22. Qxc1 Bc4 23. Bd1 Qg5 24. f4 Qd5 25. Nf3 Qb7 26. Ne5 d6 27. Bf3 Bd5
28. Bxd5 Qxd5 29. Qc7 dxe5 30. Qxb6 exd4 31. exd4 Qe4 32. Qb8+ Kh7 33. Qe5 Qb1+
34. Kf2 Qb2+ 35. Kf1 Qxa3 36. Qc5 a5 37. Qc2+ f5 38. bxa5 b4 0-1

[Event "EU-ch 7th"]
[Site "Kusadasi"]
[Date "2006.04.13"]
[Round "9"]
[White "Gagunashvili, Merab"]
[Black "Delchev, Aleksander"]
[Result "1/2-1/2"]
[WhiteElo "2542"]
[BlackElo "2661"]
[PlyCount "66"]
[EventDate "2006.04.04"]
[EventType "swiss"]
[EventRounds "11"]
[EventCountry "TUR"]
[Source "ChessBase"]
[SourceDate "2006.05.09"]

1. d4 Nf6 2. c4 e6 3. Nc3 Bb4 4. Qc2 c5 5. dxc5 O-O 6. a3 Bxc5 7. Nf3 b6 8. Bf4
Bb7 9. Rd1 Nc6 10. e3 Nh5 11. Bg5 Be7 12. Bxe7 Qxe7 13. Nb5 Na5 14. Nd6 Bxf3
15. gxf3 Rab8 16. f4 Nb7 17. Qd2 Nf6 18. Be2 Rfd8 19. O-O Nxd6 20. Qxd6 Kf8 21.
Qxe7+ Kxe7 22. Rd4 Rbc8 23. Rfd1 h6 24. h4 h5 25. Bf3 Rc7 26. Kf1 g6 27. Ke1
Rdc8 28. Be2 Ne8 29. R4d2 Ng7 30. Bd3 Nf5 31. Bxf5 gxf5 32. b3 Rg8 33. Ke2 Rg4
1/2-1/2

[Event "EU-ch 7th playoff"]
[Site "Kusadasi"]
[Date "2006.04.16"]
[Round "1.2"]
[White "Belov, Vladimir"]
[Black "Izoria, Zviad"]
[Result "0-1"]
[WhiteElo "2599"]
[BlackElo "2647"]
[PlyCount "76"]
[EventDate "2006.04.16"]
[EventType "k.o."]
[EventRounds "3"]
[EventCountry "TUR"]
[Source "ChessBase"]
[SourceDate "2006.05.09"]

1. d4 Nf6 2. c4 e6 3. Nc3 Bb4 4. Qc2 O-O 5. a3 Bxc3+ 6. Qxc3 d6 7. Nf3 Nbd7 8.
e3 Re8 9. b4 e5 10. Be2 e4 11. Nd2 Nf8 12. d5 a5 13. b5 N6d7 14. Bb2 f6 15. Nb3
Nc5 16. Nxc5 dxc5 17. f4 exf3 18. gxf3 Qe7 19. Rg1 Ng6 20. Kf2 Bf5 21. Rg3 Qd6
22. Rag1 Re7 23. h4 Rae8 24. e4 Bxe4 25. fxe4 Rxe4 26. Bf3 Qf4 27. Qc1 Re2+ 28.
Kf1 Qf5 29. R1g2 Rxg2 30. Kxg2 Nxh4+ 31. Kf2 Nxf3 32. Rxf3 Qe4 33. Kg3 Qg6+ 34.
Kf2 Qe4 35. Qc3 Qh4+ 36. Rg3 Re4 37. Kg2 Re2+ 38. Kf3 Qe4# 0-1

[Event "RUS-chT 13th"]
[Site "Sochi"]
[Date "2006.04.23"]
[Round "4"]
[White "Inarkiev, Ernesto"]
[Black "Khismatullin, Denis"]
[Result "1-0"]
[WhiteElo "2602"]
[BlackElo "2584"]
[PlyCount "83"]
[EventDate "2006.04.20"]
[EventType "team"]
[EventRounds "11"]
[EventCountry "RUS"]
[Source "ChessBase"]
[SourceDate "2006.05.09"]

1. d4 Nf6 2. c4 e6 3. Nc3 Bb4 4. Qc2 b6 5. e4 Bxc3+ 6. bxc3 d6 7. e5 dxe5 8.
dxe5 Nfd7 9. Qe4 c6 10. Ba3 f5 11. exf6 Nxf6 12. Qf3 Bb7 13. Rd1 Qc8 14. Qg3
Kf7 15. Nf3 Re8 16. Bd6 c5 17. Bd3 Kg8 18. O-O Bxf3 19. Qxf3 Qc6 20. Be2 e5 21.
Qf5 Nbd7 22. Rd3 Nf8 23. Rfd1 Ng6 24. g3 Rad8 25. Bf1 e4 26. R3d2 e3 27. fxe3
Rxe3 28. Bg2 Qe8 29. h4 Rxc3 30. h5 Qe3+ 31. Kh1 Rc1 32. Rd3 Rxd1+ 33. Rxd1 Ne5
34. Bd5+ Nf7 35. Bf4 Qe7 36. Bg5 Kf8 37. Bh4 Nd6 38. Qf4 Qe2 39. Bf3 Qe6 40. h6
Nf7 41. Rxd8+ Nxd8 42. Qg5 1-0

[Event "RUS-chT 13th"]
[Site "Sochi"]
[Date "2006.04.27"]
[Round "8"]
[White "Iljin, Artem"]
[Black "Aleksandrov, Aleksej"]
[Result "1/2-1/2"]
[WhiteElo "2505"]
[BlackElo "2634"]
[PlyCount "50"]
[EventDate "2006.04.20"]
[EventType "team"]
[EventRounds "11"]
[EventCountry "RUS"]
[Source "ChessBase"]
[SourceDate "2006.05.09"]

1. d4 Nf6 2. c4 e6 3. Nc3 Bb4 4. Qc2 O-O 5. a3 Bxc3+ 6. Qxc3 b6 7. Bg5 Bb7 8.
f3 c5 9. dxc5 bxc5 10. e3 a5 11. Bd3 d6 12. Ne2 Nbd7 13. O-O Ra6 14. Qc2 h6 15.
Bh4 Ne5 16. Rad1 Qe7 17. Nc3 Rb8 18. Be2 Bc6 19. a4 Rd8 20. Rd2 Bb7 21. Rfd1
Nc6 22. Nb5 Nb4 23. Qc3 e5 24. b3 Rd7 25. Qb2 Qe6 1/2-1/2

[Event "RUS-chT 13th"]
[Site "Sochi"]
[Date "2006.04.28"]
[Round "9"]
[White "Turov, Maxim"]
[Black "Riazantsev, Alexander"]
[Result "0-1"]
[WhiteElo "2539"]
[BlackElo "2593"]
[PlyCount "76"]
[EventDate "2006.04.20"]
[EventType "team"]
[EventRounds "11"]
[EventCountry "RUS"]
[Source "ChessBase"]
[SourceDate "2006.05.09"]

1. d4 Nf6 2. c4 e6 3. Nc3 Bb4 4. Qc2 c5 5. dxc5 O-O 6. Nf3 Na6 7. Bd2 Nxc5 8.
a3 Bxc3 9. Bxc3 b6 10. Ng5 g6 11. b4 Nb7 12. h4 d6 13. h5 e5 14. hxg6 hxg6 15.
Qd2 Nh5 16. Rd1 Qe7 17. g3 f6 18. Ne4 Be6 19. Qd3 Rac8 20. Nd2 Kg7 21. e4 Rh8
22. Qe3 Nd8 23. f4 Nf7 24. Qf3 b5 25. Be2 Nxg3 26. Rxh8 Rxh8 27. Qxg3 Rh3 28.
Qg2 Rxc3 29. f5 Bxc4 30. Nxc4 bxc4 31. Qxg6+ Kf8 32. Rd5 a6 33. Kd2 Rxa3 34.
Bh5 Ng5 35. Kc2 Nxe4 36. Kb2 Rg3 37. Bg4 Qa7 38. Rd2 c3+ 0-1

[Event "RUS-chT 13th"]
[Site "Sochi"]
[Date "2006.04.29"]
[Round "10"]
[White "Iljin, Artem"]
[Black "Smirnov, Pavel"]
[Result "1/2-1/2"]
[WhiteElo "2505"]
[BlackElo "2614"]
[PlyCount "27"]
[EventDate "2006.04.20"]
[EventType "team"]
[EventRounds "11"]
[EventCountry "RUS"]
[Source "ChessBase"]
[SourceDate "2006.05.09"]

1. d4 Nf6 2. c4 e6 3. Nc3 Bb4 4. Qc2 c5 5. dxc5 O-O 6. Nf3 Na6 7. Bd2 Nxc5 8.
e3 b6 9. Be2 Bb7 10. O-O Rc8 11. Nb5 Bxd2 12. Nxd2 Ra8 13. Rfd1 d5 14. Nc3
1/2-1/2

[Event "RUS-chT 13th"]
[Site "Sochi"]
[Date "2006.04.29"]
[Round "10"]
[White "Kobalia, Mihail"]
[Black "Najer, Evgeniy"]
[Result "0-1"]
[WhiteElo "2654"]
[BlackElo "2653"]
[PlyCount "114"]
[EventDate "2006.04.20"]
[EventType "team"]
[EventRounds "11"]
[EventCountry "RUS"]
[Source "ChessBase"]
[SourceDate "2006.05.09"]

1. d4 Nf6 2. c4 e6 3. Nc3 Bb4 4. Qc2 d5 5. cxd5 exd5 6. Bg5 h6 7. Bh4 g5 8. Bg3
Ne4 9. e3 h5 10. Bb5+ Bd7 11. Bxd7+ Nxd7 12. f3 Bxc3+ 13. bxc3 Nxg3 14. hxg3
Qe7 15. Kf2 O-O-O 16. Re1 Rh6 17. Qf5 c6 18. Nh3 Rg8 19. Re2 g4 20. Nf4 h4 21.
gxh4 Rxh4 22. Ree1 Rgh8 23. Rhg1 gxf3 24. Kxf3 Re8 25. g3 Rh2 26. Rg2 Rxg2 27.
Kxg2 Kb8 28. Nh5 a6 29. Rf1 Ka7 30. Qxf7 Qxe3 31. Qxd7 Qe2+ 32. Rf2 Qxh5 33.
Qf7 Qh8 34. Rb2 Rb8 35. Re2 Qh6 36. Qe6 Qc1 37. Qe3 Qb1 38. Qh6 Rg8 39. Qf6 Qd3
40. Qf3 Qh7 41. Rb2 Rh8 42. Kg1 Qh6 43. Re2 Qc1+ 44. Kg2 Qh1+ 45. Kf2 Rh2+ 46.
Ke3 Qc1+ 47. Kd3 Rh1 48. Qg2 Rg1 49. Qf2 Rd1+ 50. Rd2 Qb1+ 51. Ke2 Rxd2+ 52.
Kxd2 Qxa2+ 53. Ke3 Qxf2+ 54. Kxf2 Kb8 55. Ke3 Kc7 56. g4 Kd7 57. Kf4 a5 0-1

[Event "RUS-chT 13th"]
[Site "Sochi"]
[Date "2006.04.30"]
[Round "11"]
[White "Shirov, Alexei"]
[Black "Volokitin, Andrei"]
[Result "1/2-1/2"]
[WhiteElo "2699"]
[BlackElo "2660"]
[PlyCount "90"]
[EventDate "2006.04.20"]
[EventType "team"]
[EventRounds "11"]
[EventCountry "RUS"]
[Source "ChessBase"]
[SourceDate "2006.05.09"]

1. d4 Nf6 2. c4 e6 3. Nc3 Bb4 4. Qc2 O-O 5. a3 Bxc3+ 6. Qxc3 b6 7. Bg5 Bb7 8.
e3 d6 9. Ne2 Nbd7 10. Qd3 c5 11. Nc3 Qe7 12. Be2 Bxg2 13. Rg1 Bb7 14. O-O-O
Rfc8 15. d5 exd5 16. cxd5 a6 17. Qf5 b5 18. Bd3 g6 19. Ne4 gxf5 20. Bxf6+ Kf8
21. Bxe7+ Kxe7 22. Ng3 Nf6 23. Nxf5+ Kd7 24. e4 Rg8 25. Nh6 Rxg1 26. Rxg1 Rf8
27. Rg7 Ke7 28. Nf5+ Kd7 29. Kd2 Bc8 30. b4 c4 31. Bc2 h5 32. h4 Kc7 33. Nh6
Ng4 34. Nxf7 Nxf2 35. Ne5+ Kb6 36. a4 a5 37. bxa5+ Kxa5 38. Nc6+ Kb6 39. a5+
Kc5 40. Rc7 Ng4 41. Kc3 Rf3+ 42. Kb2 Rf2 43. Ne5+ Kb4 44. Nc6+ Kc5 45. Ne5+ Kb4
1/2-1/2

[Event "Cuernavaca Young Masters"]
[Site "Cuernavaca"]
[Date "2006.02.11"]
[Round "9"]
[White "Vallejo Pons, Francisco"]
[Black "Ponomariov, Ruslan"]
[Result "1/2-1/2"]
[WhiteElo "2650"]
[BlackElo "2723"]
[PlyCount "112"]
[EventDate "2006.02.03"]
[EventType "tourn"]
[EventRounds "9"]
[EventCountry "MEX"]
[EventCategory "16"]
[Source "ChessBase"]
[SourceDate "2006.06.07"]

1. d4 Nf6 2. c4 e6 3. Nc3 Bb4 4. Qc2 O-O 5. e4 d6 6. Bd3 e5 7. a3 exd4 8. axb4
dxc3 9. bxc3 Nc6 10. Nf3 Bg4 11. Nd4 Ne5 12. f3 c5 13. fxg4 cxd4 14. cxd4 Nc6
15. Qc3 Qb6 16. O-O Qxb4 17. Qxb4 Nxb4 18. g5 Nxd3 19. gxf6 Rfe8 20. Rd1 Nxc1
21. Rdxc1 Rxe4 22. Rcb1 gxf6 23. Rxb7 Rxd4 24. Re1 a5 25. Ree7 Kg7 26. Rxf7+
Kg6 27. Ra7 Rxa7 28. Rxa7 a4 29. Rxa4 d5 30. Kf2 dxc4 31. Ke3 Rg4 32. Kf3 h5
33. Ra6 Kg5 34. Rc6 h4 35. Rc5+ f5 36. Rc6 Re4 37. g3 Rd4 38. Ke3 Rd3+ 39. Ke2
Rc3 40. Kd2 hxg3 41. hxg3 Rxg3 42. Rxc4 Rg4 43. Rc1 Re4 44. Kd3 Re5 45. Kd4 Re2
46. Kd3 Rg2 47. Ke3 Kg4 48. Rc4+ Kg3 49. Rf4 Re2+ 50. Kxe2 Kxf4 51. Kf2 Kg4 52.
Kg2 f4 53. Kf2 f3 54. Kf1 Kg3 55. Kg1 f2+ 56. Kf1 Kf3 1/2-1/2

[Event "POL-ch 63rd"]
[Site "Krakow"]
[Date "2006.02.27"]
[Round "3"]
[White "Kempinski, Robert"]
[Black "Macieja, Bartlomiej"]
[Result "1/2-1/2"]
[WhiteElo "2619"]
[BlackElo "2585"]
[PlyCount "47"]
[EventDate "2006.02.25"]
[EventType "tourn"]
[EventRounds "13"]
[EventCountry "POL"]
[EventCategory "12"]
[Source "ChessBase"]
[SourceDate "2006.06.07"]

1. d4 Nf6 2. c4 e6 3. Nc3 Bb4 4. Qc2 c5 5. dxc5 O-O 6. a3 Bxc5 7. Nf3 b6 8. Bf4
Nc6 9. Rd1 Bb7 10. b4 Nh5 11. Ng5 g6 12. Bc1 Be7 13. Nf3 Rc8 14. Bb2 a5 15. b5
Nb8 16. e3 Bf6 17. Be2 Bg7 18. Qd2 Nf6 19. O-O Qc7 20. Na4 Ne4 21. Qc1 d6 22.
Bxg7 Kxg7 23. Nd2 Nf6 24. Qb2 1/2-1/2

[Event "Pulvermuehle 6th"]
[Site "Pulvermuehle"]
[Date "2006.02.28"]
[Round "4"]
[White "Gustafsson, Jan"]
[Black "Kortschnoj, Viktor"]
[Result "1/2-1/2"]
[WhiteElo "2614"]
[BlackElo "2608"]
[PlyCount "58"]
[EventDate "2006.02.25"]
[EventType "tourn"]
[EventRounds "9"]
[EventCountry "GER"]
[EventCategory "12"]
[Source "ChessBase"]
[SourceDate "2006.06.07"]

1. d4 Nf6 2. c4 e6 3. Nc3 Bb4 4. Qc2 d6 5. Bg5 c5 6. dxc5 dxc5 7. a3 Ba5 8. e3
Bd7 9. O-O-O Qe7 10. Nf3 Bc6 11. Ne5 h6 12. Bh4 Bc7 13. Nxc6 Nxc6 14. Be2 g5
15. Bg3 Bxg3 16. hxg3 Kf8 17. f4 Kg7 18. Bf3 Rac8 19. Ne4 Nxe4 20. Bxe4 Rcd8
21. Bxc6 bxc6 22. Qc3+ f6 23. Qa5 e5 24. f5 e4 25. Qc3 h5 26. Rxd8 Rxd8 27.
Rxh5 Qd7 28. Rh1 Qxf5 29. Kb1 Qd7 1/2-1/2

[Event "SCG-ch 2nd"]
[Site "Pancevo"]
[Date "2006.03.10"]
[Round "11"]
[White "Djukic, Nikola"]
[Black "Savic, Miodrag R"]
[Result "0-1"]
[WhiteElo "2523"]
[BlackElo "2517"]
[PlyCount "136"]
[EventDate "2006.02.27"]
[EventType "tourn"]
[EventRounds "13"]
[EventCountry "YUG"]
[EventCategory "11"]
[Source "ChessBase"]
[SourceDate "2006.06.07"]

1. d4 Nf6 2. c4 e6 3. Nc3 Bb4 4. Qc2 c5 5. dxc5 Na6 6. a3 Bxc3+ 7. Qxc3 Nxc5 8.
b4 Nce4 9. Qd4 d5 10. cxd5 Qxd5 11. Qxd5 Nxd5 12. f3 Nd6 13. e4 Nb6 14. Bf4 Ke7
15. Ne2 Bd7 16. Nc3 Rhc8 17. Be5 f6 18. Bd4 Nbc4 19. a4 b6 20. Be2 Ne5 21. b5
Nec4 22. Kf2 Nd2 23. Bd1 Ke8 24. Ra2 N2c4 25. Kg3 Na5 26. Ne2 e5 27. Bc3 Be6
28. Ra1 Ndb7 29. Be1 Rc5 30. Bf2 Rc4 31. Nc1 Rd8 32. Be2 Rc3 33. Rd1 Rxd1 34.
Bxd1 Nd6 35. Be1 Rc7 36. Nd3 Ndc4 37. Nb4 Ne3 38. Be2 Nb3 39. Rb1 Nd4 40. Bd3
Nec2 41. Nxc2 Nxc2 42. Bxc2 Rxc2 43. a5 Kd7 44. Bb4 Bc4 45. h4 g6 46. axb6 axb6
47. Bf8 Ke6 48. Bh6 f5 49. exf5+ gxf5 50. Kh3 Bd3 51. Rd1 Rc3 52. Rc1 Rxc1 53.
Bxc1 Kd6 54. Be3 Kc7 55. f4 e4 56. g4 Bxb5 57. g5 Be8 58. Kg3 b5 59. Kf2 Kc6
60. Ke2 Kd5 61. Kd2 Kc4 62. Kc2 b4 63. Bc1 Bh5 64. Bd2 Bf7 65. Bc1 Kd4 66. Kd2
e3+ 67. Ke2 Bh5+ 68. Ke1 Kd3 0-1

[Event "ARM-ch 66th"]
[Site "Yerevan"]
[Date "2006.03.19"]
[Round "4"]
[White "Anastasian, Ashot"]
[Black "Yegiazarian, Arsen"]
[Result "1/2-1/2"]
[WhiteElo "2602"]
[BlackElo "2531"]
[PlyCount "143"]
[EventDate "2006.03.16"]
[EventType "tourn"]
[EventRounds "9"]
[EventCountry "ARM"]
[EventCategory "11"]
[Source "ChessBase"]
[SourceDate "2006.06.07"]

1. d4 Nf6 2. c4 e6 3. Nc3 Bb4 4. Qc2 d5 5. cxd5 exd5 6. Bg5 h6 7. Bxf6 Qxf6 8.
a3 Bxc3+ 9. Qxc3 c6 10. Nf3 O-O 11. e3 Bf5 12. Be2 Nd7 13. O-O Rfe8 14. b4 a6
15. Rfc1 Nf8 16. a4 Rac8 17. Qd2 Be4 18. Ne5 Ng6 19. Nxg6 Qxg6 20. Bf1 h5 21.
Qe2 h4 22. h3 Bf5 23. Qf3 Re6 24. b5 axb5 25. axb5 Rf6 26. bxc6 bxc6 27. Qf4
Bxh3 28. Qxh4 Bd7 29. Ra7 Qf5 30. Rca1 Rh6 31. Qe7 Qh7 32. f3 Rh1+ 33. Kf2 Qc2+
34. Be2 Rxa1 35. Rxa1 Bf5 36. Ra7 Be6 37. Qc5 Qh7 38. Qe7 Qc2 39. Ra3 Qd2 40.
Ra1 c5 41. Rd1 Qc2 42. dxc5 Qxc5 43. Qh4 Qc3 44. Rh1 Kf8 45. Qh7 Qb2 46. Rb1
Qf6 47. Qh8+ Ke7 48. Rb7+ Kd6 49. Qh2+ Kc6 50. Rb4 Qe7 51. Qf4 g5 52. Bb5+ Kc5
53. Qd4+ Kd6 54. Qb6+ Ke5 55. Bd3 Qc5 56. Qb7 Kf6 57. Ra4 Qc3 58. Be2 Qe5 59.
Qb6 Rc3 60. Ra8 Kg7 61. Ra4 Rc2 62. Rd4 Qc7 63. Qb4 Qh2 64. Rd2 Rxd2 65. Qxd2
Qe5 66. g3 Qf6 67. Qb4 Qa1 68. Qd6 Qf6 69. g4 Qb2 70. Qh2 Bd7 71. Qg1 d4 72.
exd4 1/2-1/2

[Event "Poikovsky Karpov 7th"]
[Site "Poikovsky"]
[Date "2006.03.26"]
[Round "8"]
[White "Sokolov, Ivan"]
[Black "Shirov, Alexei"]
[Result "1/2-1/2"]
[WhiteElo "2689"]
[BlackElo "2709"]
[PlyCount "67"]
[EventDate "2006.03.18"]
[EventType "tourn"]
[EventRounds "9"]
[EventCountry "RUS"]
[EventCategory "18"]
[Source "ChessBase"]
[SourceDate "2006.06.07"]

1. d4 Nf6 2. c4 e6 3. Nc3 Bb4 4. Qc2 O-O 5. a3 Bxc3+ 6. Qxc3 b6 7. Bg5 Bb7 8.
e3 d6 9. Ne2 Nbd7 10. Qd3 Ba6 11. Nc3 d5 12. Qc2 h6 13. Bh4 Bxc4 14. Bxc4 dxc4
15. Qa4 c5 16. Rd1 Qc8 17. O-O Qb7 18. Qxc4 Rac8 19. Qe2 c4 20. e4 b5 21. f4 a5
22. e5 Nd5 23. f5 b4 24. axb4 axb4 25. Nxd5 Qxd5 26. f6 g6 27. Qe3 Kh7 28. Bg5
Rh8 29. Bxh6 Kg8 30. Bg7 Rh5 31. Rc1 Nb6 32. Rf3 Rd8 33. Rd1 c3 34. bxc3
1/2-1/2

[Event "Tromsoe Midnight Sun"]
[Site "Tromsoe"]
[Date "2006.06.28"]
[Round "5"]
[White "Shipov, Sergei"]
[Black "Rozentalis, Eduardas"]
[Result "1/2-1/2"]
[WhiteElo "2576"]
[BlackElo "2596"]
[PlyCount "31"]
[EventDate "2006.06.24"]
[EventType "swiss"]
[EventRounds "9"]
[EventCountry "NOR"]
[Source "ChessBase"]
[SourceDate "2006.07.14"]

1. d4 Nf6 2. c4 e6 3. Nc3 Bb4 4. Qc2 d5 5. a3 Be7 6. cxd5 exd5 7. Bg5 c6 8. e3
Bg4 9. Nge2 Nbd7 10. h3 Bh5 11. Ng3 Bg6 12. Nf5 Bxf5 13. Qxf5 g6 14. Qc2 Nh5
15. Bxe7 Qxe7 16. Be2 1/2-1/2

[Event "Tromsoe Midnight Sun"]
[Site "Tromsoe"]
[Date "2006.07.01"]
[Round "8"]
[White "Shipov, Sergei"]
[Black "Johannessen, Leif Erlend"]
[Result "1/2-1/2"]
[WhiteElo "2576"]
[BlackElo "2559"]
[PlyCount "35"]
[EventDate "2006.06.24"]
[EventType "swiss"]
[EventRounds "9"]
[EventCountry "NOR"]
[Source "ChessBase"]
[SourceDate "2006.07.14"]

1. d4 Nf6 2. c4 e6 3. Nc3 Bb4 4. Qc2 d5 5. Nf3 dxc4 6. a3 Ba5 7. Qa4+ c6 8.
Qxc4 b5 9. Qd3 b4 10. axb4 Ba6 11. Qc2 Bxb4 12. e4 Bxf1 13. Kxf1 Nbd7 14. g3 h6
15. Kg2 O-O 16. h4 Qe7 17. Bf4 Rfc8 18. Rad1 1/2-1/2